000
00331nam a2200145Ia 4500
999
_c
14202
_d
14202
003
OSt
005
20260304173004.0
008
260210s9999 xx 000 0 und d
020
_a
9781632387004
082
_a
910.285
100
_a
Blair
245
0
_a
Geographic Information Systems
260
_b
NY Research
942
_c
BPLAN
_2
ddc